000
00265nam a2200109Ia 4500
008
200302s9999 xx 000 0 und d
100
_a
Stephen Crafti
245
_a
Beach Houses : Down Under
260
_b
Images Publishing, Austraila
260
_c
2006
300
_a
269
999
_c
4580
_d
4580